| 000 | 00902cam a22002054a 4500 | ||
|---|---|---|---|
| 005 | 20250605164139.0 | ||
| 008 | 250528s ||||||||||||||||||||||||d | ||
| 035 | _a18902 | ||
| 020 | _a194375048 | ||
| 040 |
_aGR-AtMCL _bgre _dGR-AtMCL _eAACR2 |
||
| 245 | 1 | _aEnglish in Physical Science: English in Focus / Teacher's Edition | |
| 260 |
_bOxford University Press, _c1979 |
||
| 300 | _a144 | ||
| 520 | _aThis series assumes that students have already completed a basic course in English and that they have some knowledge of their specialist subject. Introduction, The Properties of Air, Acids, Matter and Volume, Force and Pressure, Magnets, Electrolysis, The Electric Bell, Summary and Extension Exercises, Exercises and Problems, Key to Exercises and Problems. | ||
| 700 | 1 |
_aAllen J. P. B. _95187 |
|
| 700 | 1 |
_aWiddowson H. G _95188 |
|
| 942 | _cBK | ||
| 999 |
_c4206 _d4206 |
||